[Event "Guernsey Holiday op"]
[Site "Guernsey"]
[Date "2011.10.20"]
[Round "5"]
[White "Errington, Paul T"]
[Black "Brookes, Jean Paul"]
[Result "1-0"]
[WhiteElo "1752"]
[BlackElo "1597"]
[PlyCount "49"]
[EventDate "2011.10.16"]
[EventType "swiss"]
[EventRounds "7"]
[EventCountry "GCI"]
[SourceTitle "EXT 2015"]
[Source "ChessBase"]
[SourceDate "2014.11.20"]
[SourceVersion "1"]
[SourceVersionDate "2014.11.20"]
[SourceQuality "1"]

1. d4 e6 2. Nf3 d5 3. g3 c5 4. e3 Nf6 5. Bg2 Nc6 6. 0-0 Bd7 7. b3 Rc8 8. a3 a5 9. Nbd2 Qb6 10. c3 Bd6 11. Bb2 0-0 12. c4 Ne4 13. Rb1 Nxd2 14. Qxd2 f6 15. cxd5 exd5 16. dxc5 Qxc5 17. Rfc1 Qb5 18. Bf1 Qxb3 19. Rc3 Ne5 20. Nxe5 Rxc3 21. Bxc3 Qxb1 22. Qxd5+ Kh8 23. Nxd7 Bxa3 24. Nxf8 Bxf8 25. Qd8 1-0

[Event "Maastricht Limburg op-C 5th"]
[Site "Maastricht"]
[Date "2011.06.13"]
[Round "6"]
[White "Nissel, Andreas"]
[Black "Brookes, Jean Paul"]
[Result "1-0"]
[WhiteElo "1668"]
[BlackElo "1586"]
[PlyCount "39"]
[EventDate "2011.06.10"]
[EventType "swiss"]
[EventRounds "7"]
[EventCountry "NED"]
[SourceTitle "EXT 2012"]
[Source "ChessBase"]
[SourceDate "2011.11.24"]
[SourceVersion "1"]
[SourceVersionDate "2011.11.24"]
[SourceQuality "1"]

1. d4 e6 2. e4 d5 3. Nd2 Nf6 4. e5 Nfd7 5. Bd3 c5 6. c3 Nc6 7. Ne2 Qb6 8. Nf3 Be7 9. 0-0 f6 10. Nf4 fxe5 11. dxe5 0-0 12. Nxe6 Rxf3 13. gxf3 Ndxe5 14. Nf4 c4 15. Nxd5 Qd8 16. Be4 Bh3 17. Re1 Bh4 18. Bf4 Kh8 19. Bg3 Qg5 20. f4 1-0

[Event "Twente Young Master op-D"]
[Site "Twente"]
[Date "2007.08.07"]
[Round "2"]
[White "De Haas, Sam"]
[Black "Brookes, Jean Paul"]
[Result "0-1"]
[WhiteElo "600"]
[BlackElo "1112"]
[PlyCount "92"]
[EventDate "2007.08.06"]
[EventType "swiss"]
[EventRounds "13"]
[EventCountry "NED"]
[SourceTitle "EXT 2008"]
[Source "ChessBase"]
[SourceDate "2007.11.25"]
[SourceVersion "1"]
[SourceVersionDate "2007.11.25"]
[SourceQuality "1"]

1. e4 e6 2. Nf3 d5 3. d3 c5 4. Bd2 Qb6 5. Bf4 Nc6 6. exd5 exd5 7. Qe2+ Be6 8. Nbd2 Qxb2 9. Rb1 Qxa2 10. g3 Qxc2 11. Bh3 Nd8 12. Bxe6 Nxe6 13. 0-0 a5 14. Rfc1 Qa4 15. Ra1 Qc6 16. Nb3 a4 17. Qd1 b5 18. Bd2 Nf6 19. Na5 Qb6 20. Nb3 b4 21. Ne1 a3 22. Rc2 Be7 23. Qc1 0-0 24. Nf3 Rfc8 25. d4 c4 26. Bxb4 Bxb4 27. Nbd2 Nxd4 28. Nxd4 Qxd4 29. Nf3 Qe4 30. Nh4 Rcb8 31. f3 Qd4+ 32. Kg2 Bc5 33. Qe1 Qg1+ 34. Qxg1 Bxg1 35. Kxg1 Rb3 36. Rxa3 Rbxa3 37. Kg2 Ra2 38. Rxa2 Rxa2+ 39. Kh3 c3 40. Ng2 Rxg2 41. Kxg2 c2 42. Kh3 c1Q 43. f4 Qf1+ 44. Kh4 Qg2 45. f5 Qxh2+ 46. Kg5 Qxg3# 0-1